00504nam a2200193 a 4500001001300000003000900013005001700022008004100039020001000080082002200090100002900112245004100141260002800182300000900210500003500219505001000254650001700264700002900281nice12345678IN_TiNIC20260116012344.0050524s1988 dela grp 000 0 eng  ac10000a491.43982421bBEG aBeg,, Mirza Khalil Ahmad aUrdu Grammarb History and Structure aDelhibBahri Pub.c1988 a228p aincludes index and biblioraphy2 aIndex aUrdu-Grammar1 aBeg,, Mirza Khalil Ahmad